000 00373nab a22001097u 4500
008 130520b2002 xxu||||| |||| 00| 0 eng d
041 _aeng
100 1 _aRoyalty, Robert M.
_947303
245 0 0 _aDwelling on Visions. On the Nature of the so-called "Colossians Heresy"
_cRobert M. Royalty
773 0 _tBiblica
_gV.83, nº3,2002,págs. 329-357
_x0006-0887
_wRev78
942 _cAR
999 _c298952
_d298952